000 00658nam a2200181Ia 4500
008 151202s9999||||xx |||||||||||||| ||und||
082 _bPNVM-28343
100 _aकालगुटकर हिराकांत.
245 _aसंसार हा सुुखाचा.
260 _b"के.वि.कोठावले,मुंबई."
260 _c1971
300 _a97
600 _aकालगुटकर हिराकांत.
630 _aसंसार हा सुुखाचा.
700 _aकालगुटकर हिराकांत.
730 _aसंसार हा सुुखाचा.
942 _cBOOK
999 _c1294311
_d1294308